Classement perpétuel de la Eredivisie - Statistiques

Statistiques générales
  • Ce quiz a été pris 132 fois
  • Le résultat moyen est 10 sur 20
Statistiques - réponses
Top Nb Matchs Nb Points Club % Correct
1 2.250 4.910 Ajax Amsterdam
100%
3 2.250 4.364 Feyenoord Rotterdam
97%
2 2.250 4.614 PSV Eindhoven
95%
8 1.517 2.388 AZ Alkmaar
80%
5 1.910 2.523 Sparta Rotterdam
73%
4 1.888 2.967 FC Twente Enschede
69%
12 1.280 1.848 Vitesse Arnhem
59%
7 1.876 2.390 FC Groningen
50%
15 1.042 1.503 SC Heerenveen
45%
13 1.548 1.768 Willem II Tilburg
41%
10 1.688 2.026 NAC Breda
37%
6 1.789 2.467 FC Utrecht
33%
19 872 929 FC Volendam
30%
17 1.106 1.315 Go Ahead Eagles Deventer
30%
11 1.574 1.931 ADO Den Haag
29%
20 804 899 Fortuna Sittard
28%
18 906 1.038 RKC Waalwijk
25%
16 1.208 1.406 MVV Maastricht
22%
14 1.424 1.595 NEC Nijmegen
15%
9 1.496 2.077 Roda JC Kerkrade
7%
Aucun quiz correspondant
Distribution des résultats
% des personnes avec chaque résultat
Percentile par nombre de réponses
Votre historique - résultats
Vous n’avez pas pris ce quiz